CONSTITUENT ASSEMBLY BEBATES [ OFFICIAL REPORT ] [X-V ] (Record no. 7184)

MARC details
000 -LEADER
fixed length control field 00360nam a22001337a 4500
005 - DATE AND TIME OF LATEST TRANSACTION
control field 20200617131501.0
008 - FIXED-LENGTH DATA ELEMENTS--GENERAL INFORMATION
fixed length control field 200617b xxu||||| |||| 00| 0 eng d
082 ## - DEWEY DECIMAL CLASSIFICATION NUMBER
Classification number 345.4 AIR
245 ## - TITLE STATEMENT
Title CONSTITUENT ASSEMBLY BEBATES [ OFFICIAL REPORT ] [X-V ]
260 ## - PUBLICATION, DISTRIBUTION, ETC. (IMPRINT)
Place of publication MUMBAI
Name of publisher ALL INDIA REPORTER , PVT. LTD.
300 ## - PHYSICAL DESCRIPTION
Number of Pages 457;p
650 ## - SUBJECT ADDED ENTRY--TOPICAL TERM
Topical Term LAW
942 ## - ADDED ENTRY ELEMENTS (KOHA)
Koha item type Journals/Serial
Holdings
Lost status Damaged status Collection code Home library Current library Shelving location Date acquired Source of acquisition Full call number Accession Number Koha item type
    LAW JRU Library JRU Library SHELF-36-F 29/06/2020 PURCHESS 345.4 AIR 24751 Journals/Serial